| 000 | 00448nam a22001931i 4500 | ||
|---|---|---|---|
| 001 | 21187 | ||
| 090 | _a21187 | ||
| 100 | _a20170304u u u0frey50 ba | ||
| 101 | 0 | _apor | |
| 200 | 1 | _aAté logo, querido! | |
| 210 |
_cBayard _d2005 |
||
| 215 |
_a23 p. _cil. _d20 X 19 cm |
||
| 225 | 2 |
_aPopi _v6 |
|
| 606 |
_aInfantil _92402 |
||
| 675 |
_a087.5 _92104 |
||
| 701 | 1 |
_aOxenbury _bHelen _4070 _92509 |
|
| 702 | 1 |
_aBrum _bLucy _4440 |
|
| 801 |
_aPT _gRPC |
||
| 990 | _cLIVROS | ||